Geography Quiz

Random Geography or Blitz Quiz

Border State Blitz Quiz Stats

Quiz Updated Nov 22, 2011

Challenge
Share
Tweet
Embed
Score 0/48 Timer 03:00
6 Plays Today
State State that Borders it % Correct
????
100%
????
98.1%
????
95.6%
????
95.4%
????
95.2%
????
94.6%
????
94.3%
????
93.6%
????
93.1%
????
92.3%
????
91.1%
????
90.4%
????
89.1%
????
88.7%
????
88.2%
????
87.8%
????
87.2%
????
86.8%
????
85.2%
????
84%
????
82.6%
????
81.2%
????
80.4%
????
75.6%
State State that Borders it % Correct
????
74.8%
????
73.8%
????
72.5%
????
71.2%
????
69.6%
????
68.2%
????
67%
????
65.7%
????
64%
????
62.4%
????
60.3%
????
58.4%
????
54.2%
????
51.7%
????
49.3%
????
47.5%
????
45.9%
????
42.4%
????
39.6%
????
37.4%
????
35.7%
????
33.6%
????
31.6%
????
28.9%

You're not logged in!

Compare scores with friends on all Sporcle quizzes.
Sign Up with Email
OR
Log In

You Might Also Like...

Show Comments

Extras

Top Quizzes Today


Score Distribution

Your Account Isn't Verified!

In order to create a playlist on Sporcle, you need to verify the email address you used during registration. Go to your Sporcle Settings to finish the process.